<?xml version="1.0" encoding="UTF-8"?>
<collection xmlns="http://www.loc.gov/MARC21/slim">
<record>
  <controlfield tag="001">170222</controlfield>
  <controlfield tag="005">20260407115449.0</controlfield>
  <datafield tag="024" ind1="7" ind2=" ">
    <subfield code="2">doi</subfield>
    <subfield code="a">10.69791/rahc.301</subfield>
  </datafield>
  <datafield tag="024" ind1="8" ind2=" ">
    <subfield code="2">sideral</subfield>
    <subfield code="a">148729</subfield>
  </datafield>
  <datafield tag="037" ind1=" " ind2=" ">
    <subfield code="a">ART-2024-148729</subfield>
  </datafield>
  <datafield tag="041" ind1=" " ind2=" ">
    <subfield code="a">spa</subfield>
  </datafield>
  <datafield tag="100" ind1=" " ind2=" ">
    <subfield code="a">Lacalzada de Mateo, María José</subfield>
    <subfield code="u">Universidad de Zaragoza</subfield>
    <subfield code="0">(orcid)0000-0002-2915-3452</subfield>
  </datafield>
  <datafield tag="245" ind1=" " ind2=" ">
    <subfield code="a">Ramón de la Sagra entre 1840-1843: la conciencia de humanidad en las raíces que conducen al Estado Social de Derecho</subfield>
  </datafield>
  <datafield tag="260" ind1=" " ind2=" ">
    <subfield code="c">2024</subfield>
  </datafield>
  <datafield tag="520" ind1="3" ind2=" ">
    <subfield code="a">El  legado de Ramón de la Sagra ha quedado ahormado entre las corrientes de su tiempo y las historiográficas después. Perteneciendo a la burguesía trató de mediar entre capitalistas y obreros, antes de que se presentaran y acuciasen los problemas; teniendo una sensibilidad religiosa cristiana se desvió notablemente del catolicismo como estructura de poder temporal, pues concibe el papel del cristianismo desde las conciencias y en la solidaridad social. El fenómeno religioso está imbricado en las luchas culturales en general y también en corrientes políticas en particular. Respetar la autonomía de las conciencias siempre aboca a situaciones y calificaciones un tanto controvertidas. Esta aproximación a Ramón de la Sagra sitúa la mirada a partir del imperativo kantiano considerando a la persona humana como un fin en sí misma y poniendo de relieve el interés en dar respuesta desde el sistema político de manera integral a las necesidades de educación, salud, vivienda etc. La apuesta por que mediante las libertades se fuese hacia la igualdad de oportunidades y el papel dado a la estructuración de la sociedad civil solidaria le convierten en un precedente inicial a lo que posteriormente será el Estado social y democrático de derecho.</subfield>
  </datafield>
  <datafield tag="506" ind1="0" ind2=" ">
    <subfield code="a">Access copy available to the general public</subfield>
    <subfield code="f">Unrestricted</subfield>
  </datafield>
  <datafield tag="540" ind1=" " ind2=" ">
    <subfield code="9">info:eu-repo/semantics/openAccess</subfield>
    <subfield code="a">by</subfield>
    <subfield code="u">https://creativecommons.org/licenses/by/4.0/deed.es</subfield>
  </datafield>
  <datafield tag="655" ind1=" " ind2="4">
    <subfield code="a">info:eu-repo/semantics/article</subfield>
    <subfield code="v">info:eu-repo/semantics/publishedVersion</subfield>
  </datafield>
  <datafield tag="710" ind1="2" ind2=" ">
    <subfield code="1">4009</subfield>
    <subfield code="2">813</subfield>
    <subfield code="a">Universidad de Zaragoza</subfield>
    <subfield code="b">Dpto. Psicología y Sociología</subfield>
    <subfield code="c">Área Trabajo Social y Serv.Soc</subfield>
  </datafield>
  <datafield tag="773" ind1=" " ind2=" ">
    <subfield code="g">28 (2024), 31-51</subfield>
    <subfield code="p">Alcores</subfield>
    <subfield code="t">Alcores</subfield>
    <subfield code="x">1886-8770</subfield>
  </datafield>
  <datafield tag="856" ind1="4" ind2=" ">
    <subfield code="s">164750</subfield>
    <subfield code="u">http://zaguan.unizar.es/record/170222/files/texto_completo.pdf</subfield>
    <subfield code="y">Versión publicada</subfield>
  </datafield>
  <datafield tag="856" ind1="4" ind2=" ">
    <subfield code="s">1774425</subfield>
    <subfield code="u">http://zaguan.unizar.es/record/170222/files/texto_completo.jpg?subformat=icon</subfield>
    <subfield code="x">icon</subfield>
    <subfield code="y">Versión publicada</subfield>
  </datafield>
  <datafield tag="909" ind1="C" ind2="O">
    <subfield code="o">oai:zaguan.unizar.es:170222</subfield>
    <subfield code="p">articulos</subfield>
    <subfield code="p">driver</subfield>
  </datafield>
  <datafield tag="951" ind1=" " ind2=" ">
    <subfield code="a">2026-03-26-14:32:00</subfield>
  </datafield>
  <datafield tag="980" ind1=" " ind2=" ">
    <subfield code="a">ARTICLE</subfield>
  </datafield>
</record>
</collection>